000 00465nam a22001697a 4500
005 20160630103540.0
010 _aENG-115291
020 _a9789351865100
_c250.00
035 _aEN-98823
037 _bDBAD/PUB
100 _aGandhi,A.K.
245 _aThe life and times of Veer Savarkar /
_cby A.K. Gandhi
260 _aNew Delhi
_bPrabhat Prakashan
_c2016
270 _a4/19,Asaf Ali Road
_bNew Delhi
_e110002
300 _a150p.
_c22cm(Hb)
942 _2ddc
_cEN
_mGAN
999 _c101081
_d101081